Normal view
MARC view
Entry Término temático
001 - NÚMERO DE CONTROL
- campo de control: 92180
003 - IDENTIFICADOR DE NÚMERO DE CONTROL
- campo de control: OSt
005 - FECHA Y HORA DE LA ÚLTIMA TRANSACCIÓN
- campo de control: 20241029145316.0
008 - ELEMENTOS DE DATO DE LONGITUD-FIJA
- campo de control de longitud fija: 241029|| aca||aabn | a|a d
040 ## - FUENTE DE CATALOGACIÓN
- Centro catalogador/agencia de origen: OSt
- Centro/agencia transcriptor: OSt
150 ## - ENCABEZAMIENTO--TÉRMINO DE MATERIA
- Término de materia o nombre geográfico como elemento de entrada: Excavaciones (Arqueología)-
- Subdivisión geográfica: España-
- Subdivisión geográfica: Calatayud
670 ## - FUENTE DE DATOS ENCONTRADOS
- Cita de la fuente: Work cat.: (OSt)40220: Sentenach y Cabañas, Narciso ( 1856-1925) 29646, Excavaciones en Bílbilis (Cerro de Bámbola-Calatayud) , 1918.